00821nam a2200229 a 4500008004100000020001500041050001600056100002100072245003900093246004800132250001200180260003300192300002300225350001000248650003200258650000900290650003300299650003000332995008800362999001700450952012400467080109s1991 ||||||||||||||||| || u a0895887339 aQ 183.9 Orv aOrvis, William J10a1-2-3 for Scientists and engineers aOne-two-three for scientists and engineers. a2nd ed. aSan Francisco :bSybexc1991 axxiv, 371p. : ill. a10.00 aLOTUS 1-2-3 (COMPUTER FILE) aDATA aENGINEERING--DATA PROCESSING aScience - Data processing D0.00FCBU-MAIN LIBRARY (Kitwe)H1I22.50M1UAVAILABLEZAnnex Low-Usage Collection  c33036d33036 00102lcc4070a001b001cAnnex Low-Usage Collection d2022-11-30l0oQ 183.9 Orvp011042r2022-11-30w2022-11-30y002